00333nam a2200121Ia 4500008004100000041000800041082001400049100001500063245004500078260004600123300003100169365001100200240624s9999 xx 000 0 und d aeng a027.7 DAL aDALE PENNY aUNIVERSITY LIBRARIES AND DIGITAL LEARNIN c2016aEnglandbAshgate Publishing Limited axxv, : 278 : p. : cm. ; 24 cRSb30